| 000 | 01890cam a22003854a 4500 | ||
|---|---|---|---|
| 999 |
_c126863 _d126863 |
||
| 001 | 13565022 | ||
| 003 | ARRUPE | ||
| 005 | 20170831144356.0 | ||
| 008 | 040420s2004 dcuab b 000 0deng | ||
| 010 | _a 2004008770 | ||
| 040 |
_aDLC _cDLC _dDLC |
||
| 041 | 1 |
_aeng _hfre |
|
| 042 | _apcc | ||
| 043 | _aa-is--- | ||
| 050 | 0 | 0 |
_aDS109.8.C54 _bC58 2004 |
| 082 | 0 | 0 |
_a933 _222 |
| 245 | 0 | 4 |
_aThe city of David : _bDiscoveries from the excavations _cEdited by Roberta Blender Maltese |
| 260 |
_aCollegeville _bPhillip and Muriel Berman Museum of Art at Ursinus College, _c1991 |
||
| 300 |
_ax, 35p. ; _c25cm. |
||
| 650 | 0 |
_aJerusalem _xAntiquities _935477 |
|
| 700 | 1 |
_aRoberta Blender Maltese _eEditor _935478 |
|
| 906 |
_a7 _bcbc _corignew _d1 _eecip _f20 _gy-gencatlg |
||
| 942 |
_2lcc _cMONOGRAPH |
||